Normal view MARC view
  • Abernathy, Frederick H , Dunlop, John T , Hammond, Janice H

Entry Personal Name

Number of records used in: 1

001 - CONTROL NUMBER

  • control field: 68292

003 - CONTROL NUMBER IDENTIFIER

  • control field: NUST

005 - DATE AND TIME OF LATEST TRANSACTION

  • control field: 20210628204024.0

008 - FIXED-LENGTH DATA ELEMENTS

  • fixed length control field: 210628|| aca||aabn | a|a d

040 ## - CATALOGING SOURCE

  • Original cataloging agency: NUST
  • Transcribing agency: NUST

100 ## - HEADING--PERSONAL NAME

  • Personal name: Abernathy, Frederick H , Dunlop, John T , Hammond, Janice H

670 ## - SOURCE DATA FOUND

  • Source citation: Work cat.: (NUST): Abernathy, Frederick H , Dunlop, John T , Hammond, Janice H, A stitch in time , lean retailing and the transformation of manufacturing-lessons from the apparel and textile industries, 1999
© 2023 Central Library, National University of Sciences and Technology. All Rights Reserved.